000 02818nam a22002657a 4500
008 250703b |||||||| |||| 00| 0 eng d
020 _a9781398624269
040 _ctbs
041 _aeng
050 _aHD9999
_b.L852K37 2012
100 _aKapferer, Jean-Noël
_92368
_eauthor
245 _aThe luxury strategy
_b: break the rules of marketing to build luxury brands
_c/ Jean-Noël Kapferer and Vincent Bastien.
250 _aThird edition.
260 _aLondon ;
_aNew York, NY :
_bKogan Page,
_c2025.
300 _axx, 450 pages :
_billustrations ;
_c24 cm.
505 _aIntroduction — Back to luxury fundamentals — In the beginning there was luxury — The end of a confusion : premium is not luxury — Anti-laws of marketing — Facets of luxury today — Luxury brands need specific management — Customer attitudes vis-à-vis luxury — Developing brand equity — Luxury brand stretching — Qualifying a product or service as luxury — Pricing luxury — Distribution and the internet dilemma — Communicating luxury — Financial and HR management of a luxury company — Strategic perspectives — Luxury business models — Entering luxury and leaving it — Learning from luxury — Luxury and sustainable development: convergences and divergences.
520 _aThe Luxury Strategy defines the differences between premium and luxury products, between a luxury and a fashion strategy, and why one needs to turn established marketing rules upside down to build luxury brands. It provides a rigorous guide for true and long-lasting success in the field of luxury. This essential guide rationalizes those business models that have achieved profitability and unveils the original methods that were used to transform small family businesses such as Ferrari, Louis Vuitton, Cartier, Chanel, Prada, Hermès into profitable global brands. It unveils the narrow path to keep growing while remaining exclusive. This revised edition builds upon the content that has made this book a staple of the industry. It includes a new preface by the authors and an updating of key cases. The book concludes with a new chapter that delves into the consequences of the luxification of society, the impact of Artificial Intelligence on the sector as well as other new technologies and explores the need for the luxury industry to serve as exemplars of best practice.
630 0 _a​​MSc Fashion & Luxury Marketing - Understanding Fashion & Luxury Markets and customers​
_926039
630 0 _a​​MSc Fashion & Luxury Marketing - Designing & implementing Marketing strategies in Fashion & Luxury markets​
_926044
650 0 _aLuxuries
_xMarketing
_97147
650 0 _aLuxury goods industry
_97363
650 0 _aProduct management
_92370
700 _aBastien, Vincent
_97163
_eauthor
942 _2lcc
999 _c4817
_d4817